000 00445nam a22001817a 4500
003 CEME
005 20210628202210.0
008 210209b xxu||||| |||| 00| 0 eng d
020 _a1-85312-948-8
040 _c.
082 _a620.1126 IVA
100 _aIvankovic , A ,Aliabadi , M .H
_958719
245 _aCrack dynamics
260 _aENGLAND
_bWIT PRESS
_c2005
300 _aIX,210P
650 _aCRACK DYNAMICS
_958720
942 _cBK
_2ddc
999 _c568849
_d568849